000 00424cam a2200157ua 4500
041 _aeng
_h
082 _a539.7
_bWEN/NU
100 _aWendt, Gerald .
245 _aNuclear energy and its uses in peace /
_cGerald Wendt.
_hTextual Documents
250 _a1 /
_b.
260 _aParis :
_bEducational Scientific and Cultural Organizations ,
_c1956.
300 _a76 ; .
504 _a
942 _cBK
999 _c7551
_d7551